Technické kreslenie /
Uložené v:
| Hlavný autor: | |
|---|---|
| Ďalší autori: | |
| Médium: | Kniha |
| Jazyk: | Slovak |
| Vydavateľské údaje: |
Bratislava :
Príroda,
1979
|
| Vydanie: | 1.vyd. |
| Predmet: | |
| Tagy: |
Žiadne tagy, Buďte prvý, kto otaguje tento záznam!
|
MARC
| LEADER | 00000nam a22000003a 4500 | ||
|---|---|---|---|
| 001 | stu40495 | ||
| 005 | 20150617225721.9 | ||
| 008 | 930507s1979----cs------------------slo-d | ||
| 040 | |a STU |b slo | ||
| 041 | 0 | |a slo | |
| 044 | |a cs | ||
| 080 | |a 744 | ||
| 100 | 1 | |a Piršel, Karel |4 aut | |
| 245 | 1 | |a Technické kreslenie / |c [aut.]Karel Piršel; Z es. F. Morávek | |
| 250 | |a 1.vyd. | ||
| 260 | |a Bratislava : |b Príroda, |c 1979 | ||
| 300 | |a 255 s | ||
| 650 | 7 | |a kreslenie technické |2 stusub | |
| 700 | 1 | |a Morávek, F |4 trl | |
| 996 | |b 284M047533 |c M*1508-1 |l MMKN |s A |a 24 |w stu40495_0001 | ||
| 996 | |b 284M036703 |c M*1508-2 |l MMKN |s A |a 24 |w stu40495_0002 | ||